000 00291nam a2200109Ia 4500
005 20260328104336.0
008 260328s9999||||xx |||||||||||||| ||und||
245 0 _aLo Mejor Del Urbanismo Y De La Arquitectura En Colombia /
260 _bLIBRERIA COLOMBIANA
650 _aCOLOMBIA
942 _cBK
999 _c11914
_d11914